000
00290nam a2200145Ia 4500
100
_a
STOVELL/JIM
650
_a
General
942
_c
BK
366
_f
20
245
_a
ULTIMATE GIFT
260
_b
EMBASSY BOOK DIST.
_a
Mumbai
082
_a
808.83/STO
300
_a
126
546
_a
ENGLISH
999
_c
18937
_d
18937